Математическая структура равновесной термодинамики и статистической механики

التفاصيل البيبلوغرافية
المؤلف الرئيسي: Рудой Ю. Г. Юрий Григорьевич
الملخص:Книга дает систематическое, сжатое и доступное изложение математических аспек­тов термодинамики и статистической механики и охватывает основные математические структуры этих разделов физики — геометрическую, вероятностную, алгебраическую и функциональную. Основное внимание уделено геометрической структуре с применени­ем методов контактной геометрии и дифференциальных форм. Эволюция идей пред­ставлена в широком историко-физическом контексте.Впервые в литературе дано последовательное изложение информационной геомет­рии, или геометростатистики, в том числе ее некоммутативного (квантового) обобщения, применительно к проблеме оценивания параметров вероятностной функции распределе­ния или матрицы плотности. Рассмотрен ряд физических объектов, в том числе классиче­ский и квантовый идеальный газ, квантовый гармонический осциллятор, спиновый пара­магнетик; особое внимание уделено соотношениям неопределенностей — термодинами­ческим и квантовым.Изложение практически полностью замкнутое и не предполагает у читателя зна­ний, выходящих за пределы стандартных курсов, читаемых на 3-5 курсах физико-математических специальностей классических и педагогических университетов. Книга может быть использована в качестве учебного пособия для студентов и аспирантов ука­занных специальностей, а также представлять интерес для научных работников других естественнонаучных специальностей — астрономии, химии, биологии, геологии.
اللغة:الروسية
منشور في: Москва, Институт компьютерных исследований, 2013
سلاسل:Современная математика
الموضوعات:
التنسيق: كتاب
KOHA link:https://koha.lib.tpu.ru/cgi-bin/koha/opac-detail.pl?biblionumber=282884

MARC

LEADER 00000nam0a2200000 4500
001 282884
005 20231101235536.0
010 |a 9785434401593 
035 |a (RuTPU)RU\TPU\book\306890 
090 |a 282884 
100 |a 20150203d2013 k y0rusy50 ca 
101 0 |a rus 
102 |a RU 
105 |a a z 001zy 
200 1 |a Математическая структура равновесной термодинамики и статистической механики  |f Ю. Г. Рудой 
210 |a Москва  |a Ижевск  |c Институт компьютерных исследований  |d 2013 
215 |a 368 с. 
225 1 |a Современная математика 
320 |a Библиография в конце разделов. 
330 |a Книга дает систематическое, сжатое и доступное изложение математических аспек­тов термодинамики и статистической механики и охватывает основные математические структуры этих разделов физики — геометрическую, вероятностную, алгебраическую и функциональную. Основное внимание уделено геометрической структуре с применени­ем методов контактной геометрии и дифференциальных форм. Эволюция идей пред­ставлена в широком историко-физическом контексте.Впервые в литературе дано последовательное изложение информационной геомет­рии, или геометростатистики, в том числе ее некоммутативного (квантового) обобщения, применительно к проблеме оценивания параметров вероятностной функции распределе­ния или матрицы плотности. Рассмотрен ряд физических объектов, в том числе классиче­ский и квантовый идеальный газ, квантовый гармонический осциллятор, спиновый пара­магнетик; особое внимание уделено соотношениям неопределенностей — термодинами­ческим и квантовым.Изложение практически полностью замкнутое и не предполагает у читателя зна­ний, выходящих за пределы стандартных курсов, читаемых на 3-5 курсах физико-математических специальностей классических и педагогических университетов. Книга может быть использована в качестве учебного пособия для студентов и аспирантов ука­занных специальностей, а также представлять интерес для научных работников других естественнонаучных специальностей — астрономии, химии, биологии, геологии. 
606 1 |a Термодинамика статистическая  |2 stltpush  |3 (RuTPU)RU\TPU\subj\59927  |9 77420 
610 1 |a равновесная термодинамика 
610 1 |a статистическая механика 
610 1 |a феноменологические характеристики 
610 1 |a модели Больцмана 
610 1 |a геометризация 
610 1 |a геометрическая термодинамика 
610 1 |a геометростатистика 
610 1 |a информационная геометрия 
675 |a 536.75  |v 3 
700 1 |a Рудой  |b Ю. Г.  |g Юрий Григорьевич 
801 1 |a RU  |b 63413507  |c 20150203 
801 2 |a RU  |b 63413507  |c 20150210  |g RCR 
942 |c BK